00506nam a2200193 a 4500001001300000003000900013005001700022008004100039020001000080082001700090100002400107245002500131260003400156300000900190500003500199505003100234650002300265700002400288nice12345678IN_TiNIC20260116011337.0050524s1905 laha grp 000 0 urd  ac10000a297.409bNOO aNoor Ahmed, Chishti aTahqeeqaat-E-Chishti aLahorebHameedia Agencyc1905 a788p aincludes index and biblioraphy2 a4 Volume Bound in One Book aSufism-Hagiography1 aNoor Ahmed, Chishti